| 000 | 00689nam a2200229 a 4500 | ||
|---|---|---|---|
| 008 | |||
| 020 | _a0521310423 (pbk.) | ||
| 049 | _aMAIN | ||
| 090 | 0 | 1 | _aQA184 |
| 100 | 1 | _aHamilton, A. G. | |
| 245 | 1 | 0 |
_aLinear algebra : _ban introduction with concurrent examples / _cA.G. Hamilton. |
| 260 |
_aCambridge : _bCambridge University Press, _c1989. |
||
| 300 |
_aviii, 328 p. : _bill. ; _c23 cm. |
||
| 500 | _aIncludes index. | ||
| 504 | _aIncludes bibliographical references. | ||
| 650 | 0 | _aAlgebras, Linear. | |
| 907 |
_a.b10117933 _b03-10-11 _c13-04-04 |
||
| 003 | |||
| 005 | 20230123124949.0 | ||
| 040 | _cNUST | ||
| 942 |
_cBOOKS _kQA184 |
||
| 999 |
_c133331 _d133331 |
||